000 00937nam a2200289 i 4500
001 000026717
003 DO-SdBNP
005 20250723095818.0
007 ta
008 250723s1982 dr ab r 000 0 spa d
040 _aDO-SdBNP
_bspa
_cBNPHU
_erda
041 _asp
082 4 _a917.293
_bF954g
_222
100 1 _aFuente García, Santiago de la,
_eautor
_4aut.
_953824
245 1 0 _aGeografía dominicana /
_cSantiago de la Fuente García.
264 4 _aSanto Domingo :
_bCaribe Grolier,
_c1982.
300 _a151, páginas :
_bilustraciones, mapas ;
_c29 cm.
336 _atexto
_btxt
_2rdacontent
337 _asin mediación
_bn
_2rdamedia
338 _avolumen
_bnc
_2rdacarrier
490 _aColecciones dominicanas
500 _aIncluye referencias bibliográficas y notas al pie de las páginas
590 _aInventariado, 2025/ DG
651 4 _aRepública Dominicana
_xGeografía
_95410
910 _aDG
942 _2ddc
_cLBS1
999 _c59618
_d59618